La filosofía de Pierre Teilhard de Chardin (Registro nro. 98839)
[ vista simple ]
| 000 -LEADER | |
|---|---|
| campo de control de longitud fija | 00827nam a2200229 i 4500 |
| 001 - NÚMERO DE CONTROL | |
| campo de control | 98839 |
| 003 - IDENTIFICADOR DE NÚMERO DE CONTROL | |
| campo de control | ES-MaACL |
| 005 - FECHA Y HORA DE LA ÚLTIMA TRANSACCIÓN | |
| campo de control | 20250916201038.0 |
| 007 - CAMPO FIJO DE DESCRIPCIÓN FÍSICA--INFORMACIÓN GENERAL | |
| campo de control de longitud fija | t| |
| 008 - DATOS DE LONGITUD FIJA--INFORMACIÓN GENERAL | |
| campo de control de longitud fija | 051027s2001 sp ||||1| spa d |
| 020 ## - NÚMERO INTERNACIONAL ESTÁNDAR DEL LIBRO | |
| Número Internacional Estándar del Libro | 84-7490-612-1 |
| 080 ## - NÚMERO DE LA CLASIFICACIÓN DECIMAL UNIVERSAL | |
| Número de la Clasificación Decimal Universal | 1 Teilhard de Chardin, Pierre |
| 100 1# - ENTRADA PRINCIPAL--NOMBRE DE PERSONA | |
| Nombre de persona | Pérez de Laborda, Alfonso. |
| 9 (RLIN) | 90787 |
| 245 13 - MENCIÓN DEL TÍTULO | |
| Título | La filosofía de Pierre Teilhard de Chardin |
| Resto del título | : la emergencia de un pensamiento transfigurado / |
| Mención de responsabilidad, etc. | Alfonso Pérez de Laborda. |
| 260 ## - PUBLICACIÓN, DISTRIBUCIÓN, ETC. | |
| Lugar de publicación, distribución, etc. | Madrid : |
| Nombre del editor, distribuidor, etc. | Encuentro, |
| Fecha de publicación, distribución, etc. | [2001] |
| 300 ## - DESCRIPCIÓN FÍSICA | |
| Extensión | 474 p. ; |
| Dimensiones | 23 cm. |
| 490 1# - MENCIÓN DE SERIE | |
| Mención de serie | Ensayos (Ediciones Encuentro) ; |
| Designación de volumen o secuencia | 181 |
| 600 14 - PUNTO DE ACCESO ADICIONAL DE MATERIA--NOMBRE DE PERSONA | |
| Nombre de persona | Teilhard de Chardin, Pierre, |
| Fechas asociadas al nombre | 1881-1955- |
| Subdivisión general | Crítica e interpretación |
| 9 (RLIN) | 109522 |
| 830 0# - PUNTO DE ACCESO ADICIONAL DE SERIE-TÍTULO UNIFORME | |
| Título uniforme | Ensayos (Ediciones Encuentro) ; |
| Designación de volumen o secuencia | 181 |
| 9 (RLIN) | 180604 |
| 852 ## - LOCALIZACIÓN | |
| Ubicación | ES-MaACL |
| Número de control de estantería | L-29252 |
| Sublocalización o colección | R.136623 |
| Estatus retirado | Estado de pérdida | Estado de daño | No para préstamo | Biblioteca de origen | Biblioteca actual | Ubicación en estantería | Fecha de adquisición | Fuente de adquisición | Total de préstamos | Signatura topográfica completa | Código de barras | Visto por última vez | Precio de reemplazo | Tipo de ítem Koha |
|---|---|---|---|---|---|---|---|---|---|---|---|---|---|---|
| Biblioteca del Ateneo de Madrid | Biblioteca del Ateneo de Madrid | Depósito 2 | 17/01/2008 | L-29252 | 1103196 | 23/02/2023 | 23/02/2023 | Libro impreso |
